[Event "New York op"]
[Site "New York"]
[Date "1989.??.??"]
[Round "7"]
[White "Dreev, Alexey"]
[Black "Gulko, Boris F"]
[Result "1/2-1/2"]
[WhiteElo "2520"]
[BlackElo "2610"]

1.d4 Nf6 2.c4 g6 3.Nc3 d5 4.cxd5 Nxd5 5.e4 Nxc3 6.bxc3 Bg7 7.Qa4+ Nd7 8.Nf3 O-O
9.Bg5 h6 10.Bh4 c5 11.Rc1 g5 12.Bg3 Nb6 13.Qa3 cxd4  1/2-1/2

[Event "New York op"]
[Site "New York"]
[Date "1989.??.??"]
[Round "9"]
[White "Dreev, Alexey"]
[Black "Dolmatov, Sergey"]
[Result "1/2-1/2"]
[WhiteElo "2520"]
[BlackElo "2580"]

1.d4 e6 2.c4 Bb4+ 3.Nd2 d5 4.e3 Nf6 5.Nf3 O-O 6.Bd3 c5 7.a3 Bxd2+ 8.Bxd2 cxd4
9.exd4 dxc4 10.Bxc4 h6 11.O-O Nc6 12.Rc1 Ne7 13.Ne5 Ned5 14.Qb3 b6 15.Rfe1 Bb7
16.Qg3 Nh5 17.Qf3 Nhf6 18.Qg3 Kh8 19.Qh3 Rc8 20.Bd3 Rxc1 21.Rxc1 Nh7 22.Qh5 Qe8
23.Qh4 f5 24.Qg3 Rf6 25.h4 Nf8 26.Be2 Kg8 27.Bf3 Qd8 28.Nc6 Bxc6 29.Rxc6 f4
30.Qg4 Qd7 31.Rc1 Ng6 32.Qh5 Nge7 33.Qe5 Ng6 34.Qh5 Nge7 35.Qe5 Ng6 36.Qh5 Nge7  1/2-1/2

[Event "GMA Baleares Open"]
[Site "Palma de Mallorca"]
[Date "1989.??.??"]
[Round "3"]
[White "Gufeld, Eduard"]
[Black "Dreev, Alexey"]
[Result "1/2-1/2"]
[WhiteElo "2490"]
[BlackElo "2570"]

1.g3 d5 2.Bg2 c6 3.d3 Bg4 4.Nd2 Nd7 5.h3 Bh5 6.Ngf3 e5 7.e4 Ngf6 8.O-O Bd6
9.b3 O-O 10.Bb2 a5 11.a3 Re8 12.Re1 d4 13.c3 dxc3 14.Bxc3 Bxf3 15.Nxf3 c5
16.Qd2 Nb8 17.b4 axb4 18.axb4 Rxa1 19.Rxa1 cxb4 20.Bxb4 Nc6 21.Bc3 Bc5 22.Rb1 b6
23.Bf1 h6 24.Qb2 Qd6 25.Qa2 Nh7 26.Kg2 Ng5 27.Nxg5 hxg5 28.Bd2 Qf6 29.Be3 Nd4
30.Be2 Nxe2 31.Qxe2 Bxe3 32.Qxe3 Re6 33.Rb5  1/2-1/2

[Event "GMA Baleares Open"]
[Site "Palma de Mallorca"]
[Date "1989.??.??"]
[Round "4"]
[White "Dreev, Alexey"]
[Black "Petrosian, Arshak B"]
[Result "1-0"]
[WhiteElo "2570"]
[BlackElo "2490"]

1.d4 Nf6 2.c4 e6 3.Nf3 d5 4.Nc3 Be7 5.Bg5 h6 6.Bh4 O-O 7.Rc1 dxc4 8.e3 c5
9.Bxc4 cxd4 10.exd4 Nc6 11.O-O Nh5 12.Bxe7 Nxe7 13.Re1 Nf6 14.Ne5 Bd7 15.Qb3 Bc8
16.Rcd1 b6 17.h3 Kh8 18.Qa3 Kg8 19.Nb5 Bb7 20.Rc1 Bd5 21.Nc7 Rc8 22.Nxd5 Nexd5
23.Qxa7 Nf4 24.Rcd1 N6d5 25.Qa3 f6 26.Bxd5 Qxd5 27.Nf3 Rc2 28.Qe3 g5 29.Rd2 Rfc8
30.Kh2 Rxd2 31.Qxd2 Qxa2 32.g3 Qd5 33.Qe3 Nh5 34.Qxe6+ Qxe6 35.Rxe6 Rc2 36.Kg2 Rxb2
37.d5 Rb5 38.Rd6 Rb4 39.Rc6 Kf7 40.Rc7+ Kg6 41.d6 Rb1 42.Nd4 Rd1 43.Nc6 Ng7
44.Ne7+ Kf7 45.Nf5+ Ke6 46.Nxg7+ Kxd6 47.Rf7  1-0

[Event "GMA Baleares Open"]
[Site "Palma de Mallorca"]
[Date "1989.??.??"]
[Round "5"]
[White "Murshed, Niaz"]
[Black "Dreev, Alexey"]
[Result "0-1"]
[WhiteElo "2475"]
[BlackElo "2570"]

1.d4 d5 2.c4 c6 3.Nc3 Nf6 4.Nf3 e6 5.cxd5 cxd5 6.Bf4 Nc6 7.e3 Nh5 8.Bg5 Qb6
9.Bb5 h6 10.Bh4 Bd7 11.O-O Bd6 12.Ne5 Bxe5 13.Qxh5 Bc7 14.a4 a6 15.a5 Qa7
16.Bxc6 Bxc6 17.f4 g6 18.Qg4 Bd8 19.Bxd8 Rxd8 20.Qh4 Qb8 21.Qf6 Rg8 22.Qh4 h5
23.Rfc1 Qd6 24.Ne2 Kf8 25.Rc5 Kg7 26.Rac1 Bb5 27.Nc3 Bd7 28.Qf2 Bc6 29.b3 Rb8
30.Na2 Bd7 31.Nb4 b6 32.axb6 Rxb6 33.Nd3 Rxb3 34.Ne5 Rgb8 35.h3 Be8 36.Kh2 Qd8
37.Rc7 R3b7 38.R7c5 a5 39.Qf3 a4 40.f5 gxf5 41.Nd3 Qg5 42.Ra5 h4 43.Nc5 Rb1
44.Rxb1 Rxb1 45.Ra7 Kh6 46.Qf4 Qxf4+ 47.exf4 Rb4 48.g4 Rb2+ 49.Kh1 fxg4 50.hxg4 Rd2
51.Nb7 f6 52.Nd6 Bg6 53.Ra8 Rxd4 54.f5 exf5 55.gxf5 Bh5 56.Kh2 Kg5 57.Rg8+ Kf4
58.Rh8 Rd2+  0-1

[Event "GMA Baleares Open"]
[Site "Palma de Mallorca"]
[Date "1989.??.??"]
[Round "6"]
[White "Dreev, Alexey"]
[Black "Rashkovsky, Nukhim N"]
[Result "1-0"]
[WhiteElo "2570"]
[BlackElo "2520"]

1.d4 Nf6 2.Nf3 e6 3.c4 Bb4+ 4.Nbd2 d5 5.e3 O-O 6.Bd3 dxc4 7.Bxc4 c5 8.a3 Bxd2+
9.Bxd2 cxd4 10.exd4 Nc6 11.Bg5 b6 12.O-O Bb7 13.Rc1 Ne7 14.Ne5 Nf5 15.Ng4 b5
16.Bb3 Qxd4 17.Bxf6 gxf6 18.Rc7 Rab8 19.Nh6+ Kh8 20.Nxf7+ Rxf7 21.Rxf7 Qe4
22.f3 Qe3+ 23.Kh1 Nd4 24.Bc2 f5 25.Qd3 Qf4 26.Qc3 Bd5 27.Rd7 Qe5 28.Re1 Qf6
29.Rd1  1-0

[Event "GMA Baleares Open"]
[Site "Palma de Mallorca"]
[Date "1989.??.??"]
[Round "8"]
[White "Dreev, Alexey"]
[Black "Klinger, Josef"]
[Result "1-0"]
[WhiteElo "2570"]
[BlackElo "2475"]

1.d4 e6 2.c4 d5 3.Nc3 c6 4.Nf3 dxc4 5.Bg5 f6 6.Bf4 Bb4 7.e4 b5 8.Be2 Ne7
9.O-O O-O 10.a4 Ng6 11.Be3 Bxc3 12.bxc3 a6 13.d5 exd5 14.exd5 Qxd5 15.Qxd5+ cxd5
16.axb5 Bb7 17.Rab1 Nd7 18.bxa6 Bxa6 19.Rfd1 Ne7 20.Nd4 Nc5 21.Nc6 Nxc6 22.Bxc5 Rfb8
23.Bf3 Rxb1 24.Rxb1 Rb8 25.Bxd5+ Kh8 26.Rxb8+ Nxb8 27.Ba7 Nd7 28.f4 h6 29.Kf2 Kh7
30.Ke3 Kg6 31.Ke4 f5+ 32.Kd4 Nf6 33.Bxc4 Bb7 34.g3 Ng4 35.Bd5 Bxd5 36.Kxd5 Nxh2
37.Ke6 Nf1 38.c4 Nxg3 39.c5 Ne2 40.c6 Nxf4+ 41.Kd6  1-0

[Event "URS-ch U26"]
[Site "Tbilisi"]
[Date "1989.??.??"]
[Round "?"]
[White "Dreev, Alexey"]
[Black "Epishin, Vladimir"]
[Result "1/2-1/2"]
[WhiteElo "2520"]
[BlackElo "2465"]

1.d4 Nf6 2.Nf3 g6 3.c4 Bg7 4.Nc3 d5 5.cxd5 Nxd5 6.e4 Nxc3 7.bxc3 c5 8.Rb1 O-O
9.Be2 cxd4 10.cxd4 Qa5+ 11.Bd2 Qxa2 12.O-O b6 13.Qc1 Bb7 14.Bc4 Qa4 15.Bb5 Qa2
16.Bc4  1/2-1/2

[Event "URS-ch U26"]
[Site "Tbilisi"]
[Date "1989.??.??"]
[Round "?"]
[White "Akopian, Vladimir"]
[Black "Dreev, Alexey"]
[Result "1/2-1/2"]
[WhiteElo "2520"]
[BlackElo "2520"]

1.c4 e6 2.Nf3 d5 3.b3 Nf6 4.g3 c5 5.d4 Be7 6.cxd5 exd5 7.Bg2 Nc6 8.O-O O-O
9.Bb2 Bg4 10.Nc3 Rc8 11.Rc1 Re8 12.dxc5 Bxc5 13.Nxd5 Bxf2+ 14.Rxf2 Nxd5 15.Ne5 Ne3
16.Qxd8 Nxd8 17.Nxg4 Rxc1+ 18.Bxc1 Nxg4 19.Rf1 Nc6 20.Rd1 h5 21.Bf3 Nge5
22.Kf2 Nxf3 23.exf3 f6 24.Be3  1/2-1/2

[Event "URS-ch U26"]
[Site "Tbilisi"]
[Date "1989.??.??"]
[Round "?"]
[White "Dreev, Alexey"]
[Black "Shirov, Alexei"]
[Result "1/2-1/2"]
[WhiteElo "2520"]
[BlackElo "2450"]

1.d4 Nf6 2.Nf3 g6 3.g3 Bg7 4.Bg2 O-O 5.O-O d5 6.c4 c5 7.cxd5 Nxd5 8.Nc3 Nxc3
9.bxc3 cxd4 10.Nxd4 Nc6 11.Nxc6 bxc6 12.Bxc6 Bxc3  1/2-1/2

[Event "URS-ch U26"]
[Site "Tbilisi"]
[Date "1989.??.??"]
[Round "?"]
[White "Ulibin, Mikhail"]
[Black "Dreev, Alexey"]
[Result "1/2-1/2"]
[WhiteElo "2445"]
[BlackElo "2520"]

1.d4 e6 2.c4 d5 3.Nf3 Nf6 4.g3 dxc4 5.Bg2 c5 6.Qa4+ Bd7 7.Qxc4 Bc6 8.dxc5 Nbd7
9.Be3 Bd5 10.Qb4 a5 11.Qa4 Bc6 12.Qc4 Bd5 13.Qa4 Bc6 14.Qc4 Bd5  1/2-1/2

[Event "URS-ch U26"]
[Site "Tbilisi"]
[Date "1989.??.??"]
[Round "?"]
[White "Dreev, Alexey"]
[Black "Shabalov, Alexander"]
[Result "1-0"]
[WhiteElo "2520"]
[BlackElo "2425"]

1.d4 Nf6 2.Nf3 e6 3.c4 c5 4.d5 exd5 5.cxd5 d6 6.Nc3 g6 7.e4 Bg7 8.h3 O-O
9.Bd3 b5 10.Bxb5 Nxe4 11.Nxe4 Qa5+ 12.Nfd2 Qxb5 13.Nxd6 Qa6 14.N2c4 Nd7 15.O-O Nb6
16.Nxb6 axb6 17.Qb3 Bd7 18.Bg5 f6 19.Bf4 f5 20.Rfe1 Bf6 21.a4 Bxa4 22.Qe3 c4
23.Qe6+ Kg7 24.Be5 Bxe5 25.Qxe5+ Kg8 26.Qd4 Ra7 27.Nxc4 Qb7 28.d6 Qf7 29.Re7 Rxe7
30.dxe7 Qxe7 31.Rxa4 Rd8 32.Qe5  1-0

[Event "URS-ch U26"]
[Site "Tbilisi"]
[Date "1989.??.??"]
[Round "?"]
[White "Dreev, Alexey"]
[Black "Oll, Lembit"]
[Result "1/2-1/2"]
[WhiteElo "2520"]
[BlackElo "2510"]

1.d4 Nf6 2.Nf3 e6 3.c4 Bb4+ 4.Nbd2 O-O 5.a3 Be7 6.e4 d5 7.Qc2 c5 8.dxc5 a5
9.cxd5 exd5 10.Bd3 h6 11.O-O Nc6 12.h3 Be6 13.b3 Nd7 14.exd5 Bxd5 15.Ne4 Bxe4
16.Bxe4 Nxc5 17.Bxc6 bxc6 18.Be3 Qd3 19.Qxd3 Nxd3 20.Rfd1 Nc5 21.Nd4 Bf6
22.Rab1 Ne4 23.Rbc1 Rab8 24.Rxc6 Rfd8 25.Rcc1  1/2-1/2

[Event "URS-ch U26"]
[Site "Tbilisi"]
[Date "1989.??.??"]
[Round "?"]
[White "Ruban, Vadim"]
[Black "Dreev, Alexey"]
[Result "0-1"]
[WhiteElo "2420"]
[BlackElo "2520"]

1.d4 d5 2.c4 c6 3.Nf3 Nf6 4.Nc3 e6 5.cxd5 exd5 6.Qc2 Be7 7.Bg5 g6 8.e4 dxe4
9.Bxf6 Bxf6 10.Qxe4+ Qe7 11.Bc4 O-O 12.O-O Qb4 13.Bb3 Bf5 14.Qf4 Nd7 15.Rfe1 a5
16.g4 Be6 17.Bxe6 fxe6 18.Qe3 Rae8 19.Ne4 Bg7 20.Rad1 Nb6 21.Ne5 Nd5 22.Qa3 Rf4
23.h3 Qxa3 24.bxa3 Rxe4 25.Rxe4 Nc3 26.Rde1 Nxe4 27.Rxe4 a4 28.Nd3 Kf7 29.Nc5 b5
30.Kf1 e5 31.Nb7 Ke6 32.dxe5 Re7 33.Nd8+ Kd5 34.Re1 Bxe5 35.Rd1+ Kc5 36.Rc1+ Kd6
37.Rxc6+ Kd7 38.Rc5 Kxd8 39.Rxb5 Bd6 40.Rd5 Kc7 41.Rd4 Bc5 42.Rxa4 Rf7 43.f4 Be3
44.f5 gxf5 45.gxf5 Rxf5+ 46.Kg2 h5 47.h4 Kc6 48.Re4 Bc5 49.a4 Bd6 50.Re6 Ra5
51.Rh6 Kd7 52.Kh3 Be7 53.Kg3 Ke8 54.Re6 Rxa4 55.Re5 Rg4+ 56.Kf3 Rxh4 57.Kg3 Kf8
58.a4 Bf6 59.Rf5 Kg7 60.a5 Rg4+ 61.Kh3 Kg6 62.Rc5 Ra4 63.Kg3 Ra3+ 64.Kg2 h4
65.Kh2 Bg5 66.Rd5 Bf4+ 67.Kh1 Ra2 68.Rb5 Bc7 69.Rc5 Bxa5 70.Rb5 Bc3 71.Rc5 Bf6
72.Rb5 Bg5 73.Rc5 Kh5 74.Rc4 Bf6 75.Rb4 Rd2 76.Ra4 Kg5 77.Rb4 Be5 78.Rc4 Bf4
79.Rb4 Rd1+ 80.Kg2 Kg4  0-1

[Event "URS-ch U26"]
[Site "Tbilisi"]
[Date "1989.??.??"]
[Round "?"]
[White "Serper, Grigory"]
[Black "Dreev, Alexey"]
[Result "0-1"]
[WhiteElo "2435"]
[BlackElo "2520"]

1.c4 c6 2.Nf3 d5 3.b3 Bg4 4.Ne5 Bf5 5.cxd5 cxd5 6.e3 Nf6 7.Nc3 Nbd7 8.Nxd7 Bxd7
9.Be2 e6 10.O-O a6 11.Bb2 Bd6 12.Rc1 b5 13.a3 O-O 14.b4 Qb8 15.h3 e5 16.d3 Be6
17.Nb1 Nd7 18.Nd2 a5 19.bxa5 Rxa5 20.Nb1 Nb6 21.Qd2 Ra7 22.Bc3 Ra4 23.d4 Nc4
24.Bxc4 bxc4 25.dxe5 Bxe5 26.Bxe5 Qxe5 27.Rfd1 Rd8 28.Qd4 Qxd4 29.Rxd4 f5
30.Rc2 Rb8 31.Nc3 Ra5 32.a4 Kf7 33.g4 fxg4 34.hxg4 Rb3 35.Kg2 Kf6 36.Kg3 Ke5
37.f4+ Kd6 38.f5 Bf7 39.Kf4 Kc5 40.Ke5 Kb4 41.Nxd5+ Bxd5 42.Rxd5 Rxe3+ 43.Kf4 Rxd5
44.Kxe3 c3  0-1

[Event "Wch U20"]
[Site "Tunja"]
[Date "1989.??.??"]
[Round "2"]
[White "Boissonet, Carlos P"]
[Black "Dreev, Alexey"]
[Result "1/2-1/2"]
[WhiteElo "2340"]
[BlackElo "2570"]

1.d4 d5 2.c4 c6 3.Nf3 Nf6 4.Nc3 e6 5.e3 Nbd7 6.Qc2 Bd6 7.b3 O-O 8.Be2 Qe7
9.O-O dxc4 10.bxc4 e5 11.Bb2 Re8 12.c5 Bc7 13.Bc4 h6 14.Rae1 e4 15.Nd2 Bxh2+
16.Kxh2 Ng4+ 17.Kg3 Ndf6 18.Ncxe4 Nxe4+ 19.Qxe4 Qxe4 20.Nxe4 Rxe4 21.f3 Rxe3
22.d5 Kf8 23.d6 Bd7 24.Bd4 Rae8 25.Rb1 Ne5 26.Bxe3 Nxc4 27.Bf4 b6 28.a4 g5
29.Bc1 Re5 30.Rh1 Rxc5 31.Bb2 Nxb2 32.Rxb2 Kg7 33.Rd2 Re5 34.Kf2 Re6 35.g4 Kf8
36.Re1 Ke8 37.Rxe6+ Bxe6 38.Ke3 Kd7 39.Ke4 Bd5+ 40.Ke5 Bxf3 41.Rf2 Bd5 42.Rh2 Bb3
43.Rxh6 Bxa4 44.Rh8 f6+ 45.Kxf6 Kxd6 46.Kxg5 Bb3 47.Rh3 Be6 48.Kf4 a5 49.Rd3+ Kc5
50.Rc3+ Kb5 51.g5 Bf7 52.Ke5 c5 53.Rf3 Bg6 54.Rf6 Bd3 55.Rd6 Bh7 56.Rd7 Bc2
57.Rd2 Bh7 58.Kd5 Bg8+ 59.Kd6 a4 60.Rb2+ Ka5  1/2-1/2

[Event "Wch U20"]
[Site "Tunja"]
[Date "1989.??.??"]
[Round "4"]
[White "Moutousis, Konstantinos"]
[Black "Dreev, Alexey"]
[Result "0-1"]
[WhiteElo "2330"]
[BlackElo "2570"]

1.e4 e5 2.Nf3 Nc6 3.Bb5 Nge7 4.d4 exd4 5.Nxd4 g6 6.Nc3 Bg7 7.Be3 O-O 8.O-O d5
9.exd5 Nxd5 10.Nxd5 Qxd5 11.c4 Qe4 12.Bxc6 bxc6 13.Qb1 Qh4 14.Rd1 c5 15.Nf3 Qxc4
16.Rc1 Qa6 17.Rxc5 Rb8 18.Nd4 Rb4 19.Nb3 Qb7 20.Na5 Qa6 21.Qf1 Rxb2 22.Nc4 Rb5
23.Rxc7 Bxa1 24.Qxa1 Bf5 25.Nd2 Rd8 26.g4 Rb1+ 27.Nxb1 Rd1+ 28.Kg2 Qf1+ 29.Kg3 Qg1+  0-1

[Event "Wch U20"]
[Site "Tunja"]
[Date "1989.??.??"]
[Round "5"]
[White "Dreev, Alexey"]
[Black "Serper, Grigory"]
[Result "1-0"]
[WhiteElo "2570"]
[BlackElo "2420"]

1.d4 Nf6 2.c4 d6 3.Nf3 Nbd7 4.Nc3 c6 5.e4 e5 6.Be2 Be7 7.O-O a6 8.Nh4 g6
9.Bh6 Bf8 10.Bxf8 Kxf8 11.Qd2 Kg7 12.f4 exd4 13.Qxd4 Qb6 14.Qxb6 Nxb6 15.Bd3 a5
16.Nf3 Nfd7 17.b3 Nc5 18.Bc2 Be6 19.f5 gxf5 20.exf5 Bd7 21.Rad1 f6 22.Rxd6 Rhe8
23.Kf2 Re7 24.Re1 Rxe1 25.Nxe1 Be8 26.Nd3 Nbd7 27.Nxc5 Nxc5 28.Ke3 Kf7 29.Rd4 Rc8
30.Bd1 Kf8 31.Bf3 Rc7 32.Ne4 Nxe4 33.Bxe4 b6 34.Rd6 Ke7 35.Re6+ Kf7 36.Bf3 Re7
37.Bh5+ Kf8 38.Bxe8 Kxe8 39.Kf4 Kf7 40.Rxe7+ Kxe7 41.g4 h6 42.h4 Kf7 43.g5 Kg7
44.Kg4  1-0

[Event "Wch U20"]
[Site "Tunja"]
[Date "1989.??.??"]
[Round "6"]
[White "Gdanski, Jacek"]
[Black "Dreev, Alexey"]
[Result "1-0"]
[WhiteElo "2405"]
[BlackElo "2570"]

1.e4 e5 2.Nf3 Nc6 3.Bb5 Nge7 4.O-O g6 5.c3 Bg7 6.d4 exd4 7.cxd4 d5 8.exd5 Nxd5
9.Re1+ Be6 10.Nc3 O-O 11.h3 Nce7 12.Ne4 c6 13.Bf1 Nf5 14.Nc5 Bc8 15.Bg5 Qb6
16.Na4 Qb4 17.a3 Qd6 18.Nc3 h6 19.Bd2 Rd8 20.Ne4 Qc7 21.Bc3 b6 22.Qc2 Be6
23.Rad1 a5 24.Bd2 Re8 25.Qc1 Kh7 26.h4 Kg8 27.Bd3 Rad8 28.Bb1 h5 29.Neg5 Bc8
30.Ba2 Nfe7 31.Ne5 Rf8 32.Bf4 Qb7 33.Ne4 Nxf4 34.Qxf4 Nd5 35.Qg3 Bf5 36.Bb1 Rd7
37.Nc3 Bxb1 38.Rxb1 Nxc3 39.bxc3 Re8 40.f4 c5 41.Rbd1 Rd5 42.Nxg6 Rxe1+ 43.Rxe1 fxg6
44.Qxg6 Rd8 45.f5 Qf7 46.Qxb6 Rc8 47.Qxa5 cxd4 48.cxd4 Bxd4+ 49.Kh1 Bf2 50.Rf1 Qc4
51.Rxf2 Qxh4+ 52.Kg1 Rc1+ 53.Rf1 Qd4+ 54.Kh2 Rxf1 55.Qa8+ Kh7  1-0

[Event "Wch U20"]
[Site "Tunja"]
[Date "1989.??.??"]
[Round "7"]
[White "Dreev, Alexey"]
[Black "Ulibin, Mikhail"]
[Result "0-1"]
[WhiteElo "2570"]
[BlackElo "2495"]

1.d4 e6 2.Nf3 c5 3.e4 cxd4 4.Nxd4 Nf6 5.Nc3 d6 6.g3 Be7 7.Bg2 O-O 8.O-O Nc6
9.Nb3 Bd7 10.Be3 Ne5 11.Qe2 Qc7 12.Nd4 a6 13.a4 Rfc8 14.Rad1 Nc4 15.Bc1 Nb6
16.a5 Nc4 17.Nb3 Rab8 18.f4 Be8 19.g4 Nxa5 20.Nxa5 Qxa5 21.g5 Nd7 22.Bh3 Rxc3
23.bxc3 Qxc3 24.Rf3 Qc5+ 25.Kh1 b5 26.Bb2 b4 27.Bg2 a5 28.Rh3 Rc8 29.Rg1 Qxc2
30.Qh5 Nf8 31.Bf6 Rc7 32.Bxe7 Rxe7 33.g6 fxg6 34.Qxa5 Qc5 35.Qxc5 dxc5 36.Rc1 Ra7
37.e5 Bb5 38.Rb3 Ra4 39.Rcb1 Bc4 40.R3b2 Bd3 41.Bc6 Ra6 42.Rd1 Rxc6 43.Rxd3 c4
44.Rd1 b3 45.Rc1 Nd7 46.Kg2 g5 47.Kf3 gxf4 48.Kxf4 Rc5 49.Ke4 Rxe5+ 50.Kd4 Rd5+
51.Kc3 Ne5 52.Rf1 Rd3+ 53.Kb4 Re3 54.Rd2 h6 55.h4 Kh7 56.Ka3 c3 57.Rd4 c2
58.h5 Nd3  0-1

[Event "Wch U20"]
[Site "Tunja"]
[Date "1989.??.??"]
[Round "8"]
[White "Wessman, Richard"]
[Black "Dreev, Alexey"]
[Result "1/2-1/2"]
[WhiteElo "2370"]
[BlackElo "2570"]

1.d4 d5 2.c4 c6 3.cxd5 cxd5 4.Nc3 Nf6 5.Nf3 Nc6 6.Bf4 e6 7.e3 Nh5 8.Bg5 Qb6
9.Qd2 h6 10.Bh4 g5 11.Bg3 Nxg3 12.hxg3 Bg7 13.Rc1 Qd8 14.Bb5 Bd7 15.Na4 a6
16.Bxc6 Bxc6 17.Nc5 Qd6 18.Qb4 a5 19.Qb6 Qd8 20.Qxd8+ Rxd8 21.Kd2 Ke7 22.Nb3 a4
23.Na5 Kd7 24.Ne5+ Bxe5 25.dxe5 Ra8 26.Rc5 Ra6 27.b4 axb3 28.axb3 Rha8 29.b4 b6
30.Rxc6 bxa5 31.Rxa6 Rxa6  1/2-1/2

[Event "Wch U20"]
[Site "Tunja"]
[Date "1989.??.??"]
[Round "9"]
[White "Dreev, Alexey"]
[Black "Djurhuus, Rune"]
[Result "1/2-1/2"]
[WhiteElo "2570"]
[BlackElo "2415"]

1.d4 Nf6 2.c4 d6 3.Nf3 g6 4.Nc3 Bg7 5.e4 O-O 6.Be2 e5 7.O-O Nbd7 8.Be3 a5
9.Qc2 Ng4 10.Bg5 f6 11.Bd2 exd4 12.Nxd4 Nc5 13.h3 f5 14.Nb3 Ne5 15.Nxc5 dxc5
16.Rad1 Nc6 17.Nb5 Qe7 18.Bc3 fxe4 19.Bxg7 Kxg7 20.Qc3+ Kg8 21.Qg3 Rf7 22.f4 Bf5
23.Qe3 b6 24.Rd2 Rd8 25.Rxd8+ Qxd8 26.Rd1 Rd7 27.Rxd7 Qxd7 28.g4 Be6 29.Qxe4 Nd4
30.Nxd4 Qxd4+  1/2-1/2

[Event "Wch U20"]
[Site "Tunja"]
[Date "1989.??.??"]
[Round "11"]
[White "Dreev, Alexey"]
[Black "Kontic, Vladimir"]
[Result "1-0"]
[WhiteElo "2570"]
[BlackElo "2395"]

1.d4 f5 2.g3 Nf6 3.Bg2 g6 4.Nf3 Bg7 5.O-O O-O 6.b3 d6 7.Bb2 c6 8.Nbd2 Na6
9.c4 Nc7 10.Qc2 h6 11.Ne1 Qe8 12.Nd3 g5 13.Rae1 Qh5 14.f3 Bd7 15.e4 fxe4
16.fxe4 Bh3 17.Nf3 Bxg2 18.Qxg2 Qg6 19.Qe2 Nd7 20.Kg2 Rae8 21.Qd2 Nf6 22.e5 Nh5
23.Ba3 Rd8 24.Qe2 Rf7 25.Qe4 Qxe4 26.Rxe4 d5 27.Rg4 Ne6 28.h4 Rdf8 29.cxd5 cxd5
30.Nc5 Nxc5 31.Bxc5 gxh4 32.Rxh4 Rf5 33.Bxe7 Re8 34.Bb4 a5 35.Bd2 Ref8 36.Rxh5 Rxh5
37.g4 Rxf3 38.Rxf3  1-0

[Event "Lvov zt"]
[Site "Lvov"]
[Date "1990.??.??"]
[Round "?"]
[White "Khalifman, Alexander"]
[Black "Dreev, Alexey"]
[Result "1/2-1/2"]
[WhiteElo "2560"]
[BlackElo "2605"]

1.Nf3 d5 2.d4 Nf6 3.c4 c6 4.Nc3 e6 5.e3 Nbd7 6.Bd3 dxc4 7.Bxc4 b5 8.Bd3 Bb7
9.O-O a6 10.e4 c5 11.d5 c4 12.Bc2 Qc7 13.Qe2 Bd6 14.Bg5 h6 15.Bxf6 gxf6 16.Nd4 Nc5
17.b4 cxb3 18.axb3 Bxh2+ 19.Kh1 Be5 20.Qe3 Bf4 21.Qh3 Be5 22.Qe3 Bf4 23.Qh3 Be5
24.Qe3  1/2-1/2

[Event "Lvov zt"]
[Site "Lvov"]
[Date "1990.??.??"]
[Round "?"]
[White "Dreev, Alexey"]
[Black "Shirov, Alexei"]
[Result "1/2-1/2"]
[WhiteElo "2605"]
[BlackElo "2500"]

1.d4 Nf6 2.c4 g6 3.Nc3 Bg7 4.Nf3 O-O 5.e3 d6 6.Be2 Nbd7 7.b4 e5 8.Bb2 exd4
9.Nxd4 c5 10.bxc5 dxc5 11.Ndb5 Nb6 12.Qb3 Ng4 13.h3 Ne5 14.O-O Be6 15.Rad1 Qh4
16.Nc7 Nexc4 17.Nxe6 Nxb2 18.Nxf8  1/2-1/2

[Event "Lvov zt"]
[Site "Lvov"]
[Date "1990.??.??"]
[Round "?"]
[White "Novikov, Igor A"]
[Black "Dreev, Alexey"]
[Result "0-1"]
[WhiteElo "2550"]
[BlackElo "2605"]

1.d4 d5 2.c4 c6 3.Nf3 Nf6 4.Nc3 e6 5.Bg5 h6 6.Bxf6 Qxf6 7.Qb3 a5 8.e4 dxe4
9.Nxe4 Bb4+ 10.Kd1 Qf4 11.Bd3 f5 12.Ng3 c5 13.a3 a4 14.Qc2 Ba5 15.Qxa4+ Bd7
16.Qc2 cxd4 17.Ne2 Qg4 18.Nexd4 Nc6 19.Nb5 Qxg2 20.Ke2 Qg4 21.Rhg1 Qh5 22.Rg3 Ne5
23.Nd4 Nxf3 24.Nxf3 Bc6 25.b4 Bxb4 26.axb4 Rxa1 27.Qb2 Rg1 28.Qe5 Rxg3 29.Qxe6+ Kd8
30.Qd6+ Kc8  0-1

[Event "Lvov zt"]
[Site "Lvov"]
[Date "1990.??.??"]
[Round "?"]
[White "Yudasin, Leonid"]
[Black "Dreev, Alexey"]
[Result "1/2-1/2"]
[WhiteElo "2575"]
[BlackElo "2605"]

1.e4 e5 2.Nf3 Nc6 3.Bc4 Nf6 4.d3 Be7 5.O-O O-O 6.c3 d5 7.exd5 Nxd5 8.Re1 Bg4
9.h3 Bh5 10.Nbd2 Nf4 11.Nf1 Na5 12.Bxf4 exf4 13.Bb5 a6 14.Ba4 b5 15.Bc2 c5
16.N1h2 Nc6 17.d4 cxd4 18.Be4 Rc8 19.Bxc6 Rxc6 20.Qxd4 Qxd4 21.Nxd4 Rc7 22.Re4 Bg6
23.Rxf4 b4 24.cxb4 Rd8 25.Nhf3 Bd6 26.Rg4 Rb8 27.a3 f5 28.Rh4 Be7 29.Rf4  1/2-1/2

[Event "Lvov zt"]
[Site "Lvov"]
[Date "1990.??.??"]
[Round "?"]
[White "Dreev, Alexey"]
[Black "Romanishin, Oleg M"]
[Result "1-0"]
[WhiteElo "2605"]
[BlackElo "2525"]

1.d4 Nf6 2.c4 e6 3.Nc3 Bb4 4.Qc2 c5 5.dxc5 Bxc5 6.Nf3 Qb6 7.e3 Qc7 8.b3 a6
9.Bb2 Nc6 10.Be2 b6 11.O-O Bb7 12.Rad1 Rc8 13.Ng5 Nb4 14.Qb1 Be7 15.Rd2 h5
16.Nf3 Ng4 17.e4 Nc6 18.Na4 Bg5 19.Rdd1 Bf6 20.h3 Nce5 21.Nxe5 Bxe5 22.Bxe5 Nxe5
23.Qb2 Bxe4 24.Nxb6 Rb8 25.c5 Qxc5 26.Na4 Qc7 27.Rc1 Nc6 28.Nc5 Qf4 29.Qxg7 Ke7
30.Qc3 Rhg8 31.g3 Qf5 32.Nxe4 Qxe4 33.Bf3 Qf5 34.Bxc6 dxc6 35.Qxc6 Qxh3 36.Qc7+ Kf6
37.Rc4 Rb5 38.Rf4+ Rf5 39.Qc3+ Kg6 40.Rh4 Qxh4 41.gxh4 Kh7+ 42.Kh2 Rf4 43.Qd3+ f5
44.Kh3  1-0

[Event "New York op"]
[Site "New York"]
[Date "1990.??.??"]
[Round "1"]
[White "Dreev, Alexey"]
[Black "Machulsky, Anatoly D"]
[Result "1-0"]
[WhiteElo "2605"]
[BlackElo "2495"]

1.d4 e6 2.c4 f5 3.Nc3 Nf6 4.Nf3 d5 5.Bf4 Be7 6.e3 O-O 7.Bd3 c6 8.h3 Ne4 9.g4 Qa5
10.Qb3 Nd7 11.gxf5 exf5 12.Rg1 Ndf6 13.Bh6 Ne8 14.cxd5 Nxc3 15.bxc3 cxd5
16.Bb5 Rf6 17.Bg5 Rb6 18.Bxe7 Qxb5 19.Qxb5 Rxb5 20.Ne5 f4 21.h4 fxe3 22.fxe3 Bf5
23.h5 Rb6 24.Rf1 g6 25.h6 Re6 26.Bb4 a5 27.Ba3 Nd6 28.Bxd6 Rxd6 29.Kd2 Rf8
30.c4 dxc4 31.Nxc4 Rc6 32.Rac1 Rfc8 33.Nxa5 Rc2+ 34.Rxc2 Rxc2+ 35.Ke1 b6
36.Nb7 Rxa2 37.Rf4 Ra1+ 38.Kf2 Ra2+ 39.Kf3 Ra3 40.Nd6 Be6 41.Ke4 Ra5 42.Rf6 Bd5+
43.Kf4 Ra8 44.e4 Bb3 45.d5 Rf8 46.Ke5 Rxf6 47.Kxf6 Kf8 48.Nb5 Bc4 49.Nc7 Bb3
50.d6 Ba4 51.e5  1-0

[Event "New York op"]
[Site "New York"]
[Date "1990.??.??"]
[Round "5"]
[White "Dreev, Alexey"]
[Black "Andrianov, Nikolai"]
[Result "1-0"]
[WhiteElo "2605"]
[BlackElo "2455"]

1.d4 Nf6 2.c4 c5 3.d5 b5 4.cxb5 a6 5.b6 d6 6.Nc3 Nbd7 7.e4 Nxb6 8.a4 g6 9.a5 Nbd7
10.f4 Bg7 11.Nf3 O-O 12.Bc4 Ne8 13.O-O Nc7 14.Qd3 Nb5 15.Be3 Nxc3 16.bxc3 Nf6
17.Bf2 Ne8 18.Rfb1 Nc7 19.Rb6 Bd7 20.Bh4 Bb5 21.e5 Qd7 22.Bxb5 axb5 23.Bxe7 c4
24.Qd2 Qxe7 25.exd6 Qf6 26.dxc7 Qxc3 27.Qxc3 Bxc3 28.Ra2 b4 29.d6 b3 30.Ra4 Bxa5
31.Rxa5 Rxa5 32.d7 Rfa8 33.Ne5 c3 34.Rxb3 c2 35.Nd3 Kg7 36.Rc3 Ra1+ 37.Kf2 R1a2
38.Nc1  1-0

[Event "New York op"]
[Site "New York"]
[Date "1990.??.??"]
[Round "6"]
[White "Wolff, Patrick G"]
[Black "Dreev, Alexey"]
[Result "1-0"]
[WhiteElo "2500"]
[BlackElo "2605"]

1.e4 e5 2.Nf3 Nc6 3.Bb5 Nge7 4.O-O g6 5.c3 Bg7 6.d4 exd4 7.cxd4 d5 8.exd5 Nxd5
9.Re1+ Be6 10.Bxc6+ bxc6 11.Bg5 Qb8 12.Qd2 h6 13.Bh4 O-O 14.Ne5 c5 15.Nc3 Nxc3
16.bxc3 cxd4 17.cxd4 Qb6 18.Rac1 Rfe8 19.Nc6 Bd7 20.Ne5 Be6 21.h3 Bd5 22.a4 a5
23.Rb1 Qa7 24.Qc3 c6 25.Bg3 Rac8 26.Qd2 Re6 27.Rec1 Rd8 28.Re1 Rde8 29.Qc3 Kh7
30.Kh2 Bf8 31.Ng4 Bg7 32.Rxe6 Rxe6 33.Be5 h5 34.Bxg7 Kxg7 35.Ne5 h4 36.Kg1 Qc7
37.Qd2 Qd8 38.Rb7 Rd6 39.Ng4 Kg8 40.Qb2 Kg7 41.Qd2 g5 42.Ne5 Be6 43.Nf3 Rd5
44.Qc2 Qc8 45.Qb2 Kh6 46.Ne5 f6 47.Rb8 Qc7 48.Qb1 f5 49.Re8 Rd6 50.Qc1 Bf7
51.Rf8 Bg6 52.Nf3 Kg7 53.Ra8 g4 54.hxg4 fxg4 55.Qf4 Qe7 56.Qxg4 c5 57.Qc8 cxd4
58.Qh8+ Kf7 59.Ne5+ Ke6 60.Nxg6 Qg5  1-0

[Event "New York op"]
[Site "New York"]
[Date "1990.??.??"]
[Round "7"]
[White "Dreev, Alexey"]
[Black "Gurevich, Dmitry"]
[Result "1-0"]
[WhiteElo "2605"]
[BlackElo "2470"]

1.d4 f5 2.g3 Nf6 3.Bg2 g6 4.Nf3 Bg7 5.O-O O-O 6.b3 d6 7.Bb2 a5 8.Nbd2 a4
9.c4 c6 10.Qc2 Qe8 11.b4 a3 12.Bc3 h6 13.Ne1 Qf7 14.Rc1 Be6 15.Ba1 Na6 16.Nd3 g5
17.b5 cxb5 18.cxb5 Nb8 19.Bxb7 Ra5 20.Bg2 Bxa2 21.Nb4 Be6 22.Qd3 Nd5 23.Nxd5 Bxd5
24.Nc4 Be4 25.Qb3 Bxg2 26.Nxa5 Bd5 27.Qxa3 f4 28.Nc6 f3 29.exf3 Bxf3 30.Qe3 g4
31.Nxe7+ Kh8 32.Rc7 Qh5 33.d5 Be5 34.Bxe5+ dxe5 35.Qxe5+  1-0